| 000 | 00769 a2200181 4500 | ||
|---|---|---|---|
| 001 | 140471 | ||
| 040 | _cLeonardo Da Vinci | ||
| 041 | _aPortuguês | ||
| 082 |
_a372.981 A353h _bA353h |
||
| 100 | _aALENCAR, Álvaro Duarte | ||
| 245 |
_aHistória do Brasil _bevolução econômica, política e social; 5ª série |
||
| 250 | _a17.ed | ||
| 260 |
_bSaraiva _c1989 _aSão Paulo |
||
| 300 | _a112 | ||
| 362 | _a19890000 | ||
| 697 |
_aHistória _aDescobrimento do Brasil _aExpedição _aCapitanias hereditárias _aEconomia brasileira _aDomínio espanhol _aInvasão holandesa _aTrês povos _aSertão _aJesuítas _aPecuária _aSertão _aBandeirantes _aMineração _aConjuração mineira _aConjuração baiana _aIndependência política _aBrasil _aEnsino Fundamental 2. ciclo |
||
| 942 | _cBK | ||
| 999 |
_c140471 _d140471 |
||